000 00243nam a22001217a 4500
008 181217b xxu||||| |||| 00| 0 eng d
041 _aeng
080 _a.330
100 _a55
101 _aBUS
245 _aBus
_cAdm 100
942 _2udc
_cBK
999 _c53296
_d53296